Weird Fishes / Arpeggi - Lyrics - Statistics

General Stats
  • This quiz has been taken 11 times
  • The average score is 73 of 88
Answer Stats
lyrics % Correct
deepest
100%
I
100%
I
100%
I
100%
I
100%
I
100%
In
100%
me.
100%
me,
100%
me
100%
ocean,
100%
the
100%
the
100%
the
100%
the
100%
the
100%
the
100%
the
100%
the
100%
the
100%
turn
100%
turn
100%
turn
100%
you
100%
your
100%
Your
100%
be
86%
bottom
86%
bottom
86%
Everybody
86%
eyes,
86%
eyes
86%
fishes.
86%
fishes.
86%
here ?
86%
into
86%
of
86%
of
86%
of.
86%
sea,
86%
should
86%
should
86%
stay
86%
stay ?
86%
they
86%
they
86%
they
86%
weird
86%
weird
86%
Why
86%
Why
86%
and
71%
and
71%
and
71%
and
71%
and
71%
by
71%
by
71%
chance
71%
chance.
71%
crazy
71%
earth
71%
eaten
71%
edge
71%
fall
71%
follow,
71%
follow
71%
follow
71%
get
71%
get
71%
I'd
71%
if
71%
is
71%
lead.
71%
leaves
71%
my
71%
not
71%
phantoms.
71%
this
71%
to
71%
to
71%
where
71%
worms
71%
worms
71%
hit
57%
over
57%
Picked
57%
escape
43%
No matching quizzes found
Score Distribution
Percent of People with Each Score
Percentile by Number Answered
Your Score History
You have not taken this quiz